IPSEC : (Record no. 23135)
[ view plain ]
| 000 -LEADER | |
|---|---|
| fixed length control field | 00400nam a22001337a 4500 |
| 003 - CONTROL NUMBER IDENTIFIER | |
| control field | NUST |
| 005 - DATE AND TIME OF LATEST TRANSACTION | |
| control field | 20171011163844.0 |
| 008 - FIXED-LENGTH DATA ELEMENTS--GENERAL INFORMATION | |
| fixed length control field | 150521b xxu||||| |||| 00| 0 eng d |
| 020 ## - INTERNATIONAL STANDARD BOOK NUMBER | |
| International Standard Book Number | 8129702258 |
| 040 ## - CATALOGING SOURCE | |
| Original cataloging agency | DLC |
| Language of cataloging | DLC |
| Transcribing agency | RCMS |
| 082 ## - DEWEY DECIMAL CLASSIFICATION NUMBER | |
| Classification number | 005.8 DOR |
| Edition number | 2nd, ed. |
| 100 ## - MAIN ENTRY--PERSONAL NAME | |
| Personal name | Doraswamy,Naganand & Harkins,Dan |
| 9 (RLIN) | 5350 |
| 245 ## - TITLE STATEMENT | |
| Title | IPSEC : |
| Remainder of title | the New Security Standard for the Internet, Intranets, and Virtual Private Networks |
| Statement of responsibility, etc. | Doraswamy,Naganand |
| 250 ## - EDITION STATEMENT | |
| Edition statement | 2nd |
| 260 ## - PUBLICATION, DISTRIBUTION, ETC. | |
| Place of publication, distribution, etc. | India |
| Name of publisher, distributor, etc. | Person Education |
| Date of publication, distribution, etc. | C,2003 |
| 300 ## - PHYSICAL DESCRIPTION | |
| Extent | x,262p: |
| Other physical details | Pb: |
| Dimensions | 22,cm. |
| 538 ## - SYSTEM DETAILS NOTE | |
| Display text | Shelf No 2 Row No 1 |
| 600 ## - SUBJECT ADDED ENTRY--PERSONAL NAME | |
| General subdivision | Networking Standard |
| 9 (RLIN) | 5351 |
| 856 ## - ELECTRONIC LOCATION AND ACCESS | |
| Materials specified | Table of Content Only |
| 942 ## - ADDED ENTRY ELEMENTS (KOHA) | |
| Koha item type | Book |
| Source of classification or shelving scheme | |
| Withdrawn status | Lost status | Damaged status | Not for loan | Collection code | Permanent Location | Current Location | Shelving location | Date acquired | Cost, normal purchase price | Full call number | Barcode | Date last seen | Price effective from | Koha item type |
|---|---|---|---|---|---|---|---|---|---|---|---|---|---|---|
| NUST Baluchistan Campus (NBC) | NUST Baluchistan Campus (NBC) | General Stacks | 03/01/2013 | 355.50 | 005.8DOR | RCMS000026 | 03/01/2013 | 01/05/2017 | Book |
